| 000 | 00513nam a22001695i 4500 | ||
|---|---|---|---|
| 001 | 68451 | ||
| 003 | ES-MaACL | ||
| 005 | 20230906170304.0 | ||
| 007 | t| | ||
| 008 | 960802s1870 sp ||||1| spa d | ||
| 040 |
_aCAM _bspa _cCAM |
||
| 100 | 1 |
_aGarcía Sánchez, Ramón. _955266 |
|
| 245 | 1 | 3 |
_aEl duque de Aosta _b: folleto de actualidad / _cpor Ramón García Sánchez. |
| 260 |
_aMadrid : _b[s.n.], _c1870 ( _fImprenta de los señores Rojas) |
||
| 300 |
_a21 p. ; _c21 cm. |
||
| 852 |
_aES-MaACL _jFol-Laf-302 |
||
| 999 |
_c68451 _d68451 |
||